[Event "Poznan op 23rd"]
[White "Chojnacki, Krzysztof"]
[Black "Maczkowski, Jakub"]
[Site "Poznan"]
[Round "3"]
[Result "1/2-1/2"]
[Date "2015.08.12"]
[WhiteElo "2393"]
[BlackElo "2105"]
[PlyCount "110"]
[EventDate "2015.08.10"]
[EventType "swiss"]
[EventRounds "9"]
[EventCountry "POL"]
[SourceTitle "CBM 167 Extra"]
[Source "ChessBase"]
[SourceDate "2015.09.14"]
[SourceVersion "1"]
[SourceVersionDate "2015.09.14"]
[SourceQuality "1"]

1. d4 Nf6 2. c4 e6 3. Nc3 Bb4 4. e3 0-0 5. Nge2 Re8 6. a3 Bf8 7. Ng3 d5 8. Be2 g6 9. 0-0 h5 10. f3 h4 11. Nh1 b6 12. Nf2 Ba6 13. cxd5 Bxe2 14. Qxe2 exd5 15. Qd3 Nc6 16. Rd1 Qd7 17. e4 dxe4 18. fxe4 Bg7 19. e5 Nh7 20. Be3 Ne7 21. Rac1 Nf5 22. Nce4 Rad8 23. Bg5 Nxg5 24. Nxg5 Qe7 25. Nf3 Nxd4 26. Nxd4 Qxe5 27. Qf1 Qf4 28. Ne2 Qe3 29. Rxd8 Rxd8 30. Nc3 Be5 31. Rd1 Rd2 32. Rxd2 Qxd2 33. Nfd1 Kg7 34. h3 Bd4+ 35. Kh1 Be5 36. Qe2 Qf4 37. Kg1 Bd4+ 38. Nf2 Qc1+ 39. Ncd1 c5 40. Kf1 Qf4 41. Ke1 Qg3 42. Qe4 Bxb2 43. Nxb2 Qc3+ 44. Kd1 Qxb2 45. Qe3 Qb1+ 46. Kd2 Qb2+ 47. Kd1 Qb1+ 48. Kd2 Qb2+ 49. Kd1 Qb1+ 50. Ke2 Qb2+ 51. Qd2 Qxa3 52. Ng4 Qa6+ 53. Kf2 b5 54. Qh6+ Kg8 55. Qxh4 c4 1/2-1/2

[Event "POL-chT 2nd League"]
[White "Kazmierczak, Rafal"]
[Black "Maczkowski, Jakub"]
[Site "Lublin"]
[Round "8.92"]
[Result "1-0"]
[Date "2006.09.09"]
[WhiteElo "2214"]
[BlackElo "2075"]
[PlyCount "97"]
[EventDate "2006.09.02"]
[EventType "team-swiss"]
[EventRounds "9"]
[EventCountry "POL"]
[SourceTitle "EXT 2019"]
[Source "ChessBase"]
[SourceDate "2018.10.10"]
[SourceVersion "1"]
[SourceVersionDate "2018.10.10"]
[SourceQuality "1"]
[WhiteTeam "Olsztyn AZS UWM"]
[BlackTeam "Poznan Polan"]
[WhiteTeamCountry "POL"]
[BlackTeamCountry "POL"]

1. Nf3 Nf6 2. g3 b6 3. Bg2 Bb7 4. 0-0 e6 5. d4 Be7 6. b3 0-0 7. c4 c5 8. Bb2 cxd4 9. Bxd4 d6 10. Bb2 Nbd7 11. Nc3 a6 12. Re1 Nc5 13. Qd4 e5 14. Qd1 Rc8 15. Bh3 Rc7 16. Rc1 Qa8 17. Nd2 Rd8 18. b4 Nce4 19. Ncxe4 Nxe4 20. Nxe4 Bxe4 21. f3 Bb7 22. e4 b5 23. cxb5 Rxc1 24. Qxc1 axb5 25. a3 Bf6 26. Bf1 d5 27. Bxb5 dxe4 28. fxe4 Bxe4 29. Qe3 Bh1 30. Bf1 h6 31. Bxe5 Re8 32. Qc3 Bb7 33. Bxf6 Rxe1 34. Qxe1 gxf6 35. Qe3 Kg7 36. b5 Qd8 37. h4 Qd5 38. a4 Qh1+ 39. Kf2 Qh2+ 40. Ke1 Qb2 41. Qf4 Bd5 42. Qd2 Qb1+ 43. Kf2 Qf5+ 44. Qf4 Qc2+ 45. Be2 Qc5+ 46. Kf1 Qa3 47. Qg4+ Kf8 48. Qd4 Bb3 49. b6 1-0